SOX: Auditoría de acuerdo con la Norma del AICPA SAS 70 en relación a las Organizaciones de Servicios (Registro nro. 11186)
[ vista simple ]
| 000 -LEADER | |
|---|---|
| fixed length control field | 00369 a2200109 4500 |
| 001 - CONTROL NUMBER | |
| control field | ART_5694 |
| 005 - DATE AND TIME OF LATEST TRANSACTION | |
| control field | 20260410161617.0 |
| 008 - FIXED-LENGTH DATA ELEMENTS--GENERAL INFORMATION | |
| fixed length control field | 260409a |
| 100 1# - MAIN ENTRY--PERSONAL NAME | |
| Personal name | Chalupowicz, Daniel |
| 245 10 - TITLE STATEMENT | |
| Title | SOX: Auditoría de acuerdo con la Norma del AICPA SAS 70 en relación a las Organizaciones de Servicios |
| 773 0# - HOST ITEM ENTRY | |
| Title | Enfoques |
| Related parts | - Nº 10 (oct. 2006) |
| Record control number | REV416 |
No hay ítems disponibles.